Normal view MARC view
  • Pérez Garcìa, José Ignacio (coord.) - Moreno Losada, José - Acevedo Gòmez, Casto - González Visuete - Morquecho Gil, Juan Antonio

Entry NOMBRE PERSONAL

Number of records used in: 1

001 - NUMERO DE CONTROL DEL REGISTRO

  • Campo de control: 429390

003 - IDENTIFICADOR DEL NÚMERO DE CONTROL

  • Campo de control: ES-SlBCS

005 - FECHA Y HORA DE LA ÚLTIMA TRANSACCIÓN

  • Campo de control: 20260312091937.0

008 - ELEMENTOS DE LONGITUD FIJA

  • Campos de control de longitud fija: 260312|| aca||aabn | a|a d

040 ## - FUENTE DE LA CATALOGACIÓN

  • Agencia que crea de manera original el registro: ES-SlBCS
  • Agencia que realiza la transcripción: ES-SlBCS

100 ## - ENCABEZAMIENTO - NOMBRE PERSONAL

  • Nombre personal: Pérez Garcìa, José Ignacio (coord.) - Moreno Losada, José - Acevedo Gòmez, Casto - González Visuete - Morquecho Gil, Juan Antonio

670 ## - FUENTE EN LA QUE SE LOCALIZARON DATOS

  • Cita de la fuente: Work cat.: (ES-SlBCS): Pérez Garcìa, José Ignacio (coord.) - Moreno Losada, José - Acevedo Gòmez, Casto - González Visuete - Morquecho Gil, Juan Antonio, Allí donde nos necesitas abrimos camino a la esperanza. Cuaresma y Pascua 2025. Guiones litúrgicos Ciclo C, 2025

Bibliotecas Dominicos Provincia Hispania, 2016

Con tecnología Koha